000 00300nam a2200109Ia 4500
008 220204s9999 xx 000 0 und d
082 _a003
_bREA;1
245 0 _aReader's digest great events of the 20th century
260 _aNew York
_bReaders Digest
_c1977
700 _aMarshall, Richard
942 _cBK
999 _c31463
_d31463